000 00621naa a22001935a 4500
001 80268
003 BD-RjUL
005 20220831110635.0
008 220831s1964 p ||||| |||| 00| 0 urd d
035 _a(BD-RjUL)80268
040 _aBD-RjUL
_beng
_cBD-RjUL
041 _aurd
082 _223
_a891.4391
_bSHA 1964
100 _aشیرانی, اختر ## Shirani, Akhter
_94566
245 1 0 _a اختر شيراني اور اس كي شاعري ## akhtar shirani awar as ki shaeiri /
_cby اختر شیرانی ## by Akhtar Shirany
260 _aLahore:
_bAyna adab ,
_c1946
650 _aUrdu Poetry
942 _2ddc
_cBK
999 _c80268
_d80268